000
00281nam a2200109Ia 4500
008
200302s9999 xx 000 0 und d
100
_a
Andrew Blowers
245
_a
Planning for a Sustainable Environment
260
_b
Earthscan Publications Ltd.
260
_c
2006
300
_a
239 P.,
999
_c
5715
_d
5715